TAC/ICC/PBEA - Races de chien 1 - Statistiques

Statistiques générales
  • Ce quiz a été pris 174 fois
    72 depuis la dernière actualisation
  • Le résultat moyen est 13 sur 25
Statistiques - réponses
Par images Réponse % Correct
Berger australien
89%
Lévrier afghan
84%
Chihuahua
76%
Berger allemand
73%
Épagneul cavalier King-Charles
73%
Montagne des Pyrénées
70%
Bouvier bernois
62%
Mudi
57%
Bouledogue français
54%
Braque de Weimar
54%
Doberman Pinscher
54%
Épagneul cocker américain
54%
Berger Shetland
49%
Poméranien
49%
Setter irlandais
49%
Bouvier australien
46%
Berger belge malinois
41%
Braque hongrois
41%
Terrier du Yorkshire
38%
Cane corso
35%
Eurasier
35%
Fox-terrier à poil dur
32%
Épagneul cocker anglais
27%
Terrier airedale
24%
Terrier border
8%
Aucun quiz correspondant
Distribution des résultats
% des personnes avec chaque résultat
Percentile par nombre de réponses
Votre historique - résultats
Vous n’avez pas pris ce quiz depuis la dernière actualisation